[Event "I cerrado Memorial Alfonso Pizarroso"]
[Site "Xativa"]
[Date "2018.07.01"]
[Round "6.3"]
[White "Fenollar Jorda, Manuel"]
[Black "Camarena Gimenez, Rufino"]
[Result "0-1"]
[BlackElo "2354"]
[WhiteElo "2352"]
[LiveChessVersion "1.4.8"]

1. d4 {[%clk 0:07:04]} Nf6 {[%clk 0:07:05]} 2. Nf3 {[%clk 0:07:00]} g6
{[%clk 0:07:00]} 3. c4 {[%clk 0:06:53]} Bg7 {[%clk 0:06:42]} 4. Nc3
{[%clk 0:06:54]} c5 {[%clk 0:06:42]} 5. d5 {[%clk 0:06:53]} O-O {[%clk 0:06:32]}
6. e4 {[%clk 0:06:54]} d6 {[%clk 0:06:32]} 7. h3 {[%clk 0:06:51]} e6
{[%clk 0:06:31]} 8. Bd3 {[%clk 0:06:52]} exd5 {[%clk 0:06:24]} 9. exd5
{[%clk 0:06:53]} b5 {[%clk 0:05:52]} 10. Nxb5 {[%clk 0:06:28]} Re8+
{[%clk 0:05:20]} 11. Be3 {[%clk 0:06:19]} Ne4 {[%clk 0:05:16]} 12. O-O
{[%clk 0:05:12]} a6 {[%clk 0:04:47]} 13. Nc3 {[%clk 0:04:35]} Nxc3
{[%clk 0:04:09]} 14. bxc3 {[%clk 0:04:36]} Bxc3 {[%clk 0:04:11]} 15. Rb1
{[%clk 0:04:39]} Nd7 {[%clk 0:04:01]} 16. Qc2 {[%clk 0:04:30]} Bg7
{[%clk 0:03:56]} 17. Bg5 {[%clk 0:04:25]} Qa5 {[%clk 0:03:32]} 18. Bd2
{[%clk 0:04:16]} Qc7 {[%clk 0:03:28]} 19. h4 {[%clk 0:04:10]} Nf6
{[%clk 0:03:15]} 20. Bg5 {[%clk 0:03:49]} Bg4 {[%clk 0:02:56]} 21. Nd2
{[%clk 0:03:50]} h6 {[%clk 0:02:22]} 22. Bf4 {[%clk 0:03:43]} Nh5
{[%clk 0:02:18]} 23. Bh2 {[%clk 0:03:43]} Be5 {[%clk 0:01:54]} 24. f3
{[%clk 0:03:06]} Bd4+ {[%clk 0:01:22]} 25. Kh1 {[%clk 0:03:08]} Bd7
{[%clk 0:01:22]} 26. Bxg6 {[%clk 0:03:05]} fxg6 {[%clk 0:01:23]} 27. Qxg6+
{[%clk 0:03:06]} Ng7 {[%clk 0:01:24]} 28. Ne4 {[%clk 0:02:21]} Bf5
{[%clk 0:00:59]} 29. Qxd6 {[%clk 0:02:05]} Qxd6 {[%clk 0:00:37]} 30. Nxd6
{[%clk 0:02:07]} Bxb1 {[%clk 0:00:38]} 31. Rxb1 {[%clk 0:01:16]} Rab8
{[%clk 0:00:36]} 32. Nb7 {[%clk 0:01:09]} Rxb7 {[%clk 0:00:37]} 33. Rxb7
{[%clk 0:01:10]} Re1+ {[%clk 0:00:39]} 34. Bg1 {[%clk 0:01:13]} Rxg1+
{[%clk 0:00:41]} 35. Kh2 {[%clk 0:01:15]} Rc1 {[%clk 0:00:39]} 36. f4
{[%clk 0:00:58]} Rxc4 {[%clk 0:00:40]} 37. d6 {[%clk 0:00:59]} Bf6
{[%clk 0:00:40]} 0-1

[Event "I cerrado Memorial Alfonso Pizarroso"]
[Site "Xativa"]
[Date "2018.07.01"]
[Round "6.4"]
[White "Galvan, Jesus"]
[Black "Kovacevic, Slobodan"]
[Result "1-0"]
[BlackElo "2292"]
[WhiteElo "2183"]
[LiveChessVersion "1.4.8"]

1. d4 {[%clk 0:06:56]} Nf6 {[%clk 0:07:05]} 2. c4 {[%clk 0:06:58]} e6
{[%clk 0:07:07]} 3. Nc3 {[%clk 0:07:00]} c5 {[%clk 0:07:09]} 4. d5
{[%clk 0:07:02]} exd5 {[%clk 0:07:11]} 5. cxd5 {[%clk 0:07:04]} d6
{[%clk 0:07:14]} 6. e4 {[%clk 0:07:05]} g6 {[%clk 0:07:15]} 7. f4
{[%clk 0:07:07]} Bg7 {[%clk 0:07:17]} 8. Bb5+ {[%clk 0:07:09]} Nfd7
{[%clk 0:07:19]} 9. a4 {[%clk 0:07:11]} a6 {[%clk 0:07:19]} 10. Bd3
{[%clk 0:07:07]} O-O {[%clk 0:07:19]} 11. Nf3 {[%clk 0:07:09]} Qc7
{[%clk 0:07:08]} 12. O-O {[%clk 0:07:07]} Re8 {[%clk 0:06:57]} 13. Kh1
{[%clk 0:07:08]} c4 {[%clk 0:06:50]} 14. Bc2 {[%clk 0:07:10]} Nc5
{[%clk 0:06:52]} 15. Be3 {[%clk 0:05:45]} Bg4 {[%clk 0:06:48]} 16. Bd4
{[%clk 0:05:42]} Bh6 {[%clk 0:05:56]} 17. h3 {[%clk 0:05:29]} Bxf3
{[%clk 0:05:54]} 18. Qxf3 {[%clk 0:05:31]} Nbd7 {[%clk 0:05:50]} 19. Rae1
{[%clk 0:05:26]} Bg7 {[%clk 0:05:14]} 20. Bxg7 {[%clk 0:04:10]} Kxg7 21. e5 f5
{[%clk 0:04:13]} 22. e6 {[%clk 0:03:51]} Nf6 {[%clk 0:04:07]} 23. g4
{[%clk 0:03:53]} fxg4 {[%clk 0:04:02]} 24. hxg4 {[%clk 0:03:55]} Rf8
{[%clk 0:03:14]} 25. Qh3 {[%clk 0:03:23]} Rae8 {[%clk 0:03:08]} 26. g5
{[%clk 0:03:24]} Ng8 {[%clk 0:02:58]} 27. f5 {[%clk 0:03:26]} gxf5
{[%clk 0:02:48]} 28. Bxf5 {[%clk 0:02:34]} Kh8 {[%clk 0:02:45]} 29. Ne4
{[%clk 0:01:37]} Nxe4 {[%clk 0:02:26]} 30. Rxe4 {[%clk 0:01:37]} Re7
{[%clk 0:02:13]} 31. Qc3+ {[%clk 0:01:29]} Rg7 {[%clk 0:02:02]} 32. Rh4
{[%clk 0:01:15]} Rxf5 {[%clk 0:01:13]} 33. Rxf5 {[%clk 0:01:16]} Qe7
{[%clk 0:01:14]} 34. Rh5 {[%clk 0:00:43]} 1-0

[Event "I cerrado Memorial Alfonso Pizarroso"]
[Site "Xativa"]
[Date "2018.07.01"]
[Round "6.5"]
[White "Diaz Velandia, Jose Manuel"]
[Black "Sampedro Barrios, Pablo"]
[Result "1-0"]
[BlackElo "1914"]
[WhiteElo "2359"]
[LiveChessVersion "1.4.8"]

1. d4 {[%clk 0:07:04]} b6 {[%clk 0:07:05]} 2. Nf3 {[%clk 0:07:06]} Bb7
{[%clk 0:07:08]} 3. e3 {[%clk 0:07:08]} e6 {[%clk 0:07:10]} 4. Bd3
{[%clk 0:07:10]} f5 {[%clk 0:07:13]} 5. O-O {[%clk 0:07:12]} Nf6 {[%clk 0:07:14]}
6. Nbd2 {[%clk 0:07:14]} g6 {[%clk 0:07:16]} 7. Qe2 {[%clk 0:07:16]} d5
{[%clk 0:07:17]} 8. Ne5 {[%clk 0:07:17]} Bg7 {[%clk 0:07:16]} 9. c4
{[%clk 0:07:17]} c6 {[%clk 0:07:05]} 10. cxd5 {[%clk 0:07:18]} exd5
{[%clk 0:07:02]} 11. f4 {[%clk 0:07:20]} O-O {[%clk 0:07:03]} 12. b3
{[%clk 0:07:19]} Nbd7 {[%clk 0:06:56]} 13. Ba3 {[%clk 0:07:21]} c5
{[%clk 0:06:22]} 14. Bb5 {[%clk 0:07:17]} Rc8 {[%clk 0:06:01]} 15. Rac1 Nxe5
{[%clk 0:05:41]} 16. fxe5 {[%clk 0:07:14]} Ne4 {[%clk 0:05:39]} 17. Nxe4
{[%clk 0:07:13]} dxe4 {[%clk 0:05:12]} 18. Rfd1 {[%clk 0:07:08]} Qg5
{[%clk 0:05:09]} 19. dxc5 {[%clk 0:06:50]} bxc5 {[%clk 0:04:15]} 20. Bxc5
{[%clk 0:06:47]} Rfd8 {[%clk 0:03:59]} 21. Bd6 {[%clk 0:06:21]} Bh6
{[%clk 0:03:41]} 22. Bc4+ {[%clk 0:06:17]} Kg7 {[%clk 0:03:40]} 23. Re1
{[%clk 0:06:07]} Bd5 {[%clk 0:03:28]} 24. h4 {[%clk 0:05:56]} Qxh4
{[%clk 0:02:46]} 25. Bxd5 {[%clk 0:05:54]} f4 {[%clk 0:02:36]} 26. Rxc8
{[%clk 0:05:47]} Rxc8 {[%clk 0:02:38]} 27. Qf2 {[%clk 0:05:15]} Qg4
{[%clk 0:02:08]} 28. Bxe4 {[%clk 0:05:12]} fxe3 {[%clk 0:02:04]} 29. Qe2 Rc2 1-0

[Event "I cerrado Memorial Alfonso Pizarroso"]
[Site "Xativa"]
[Date "2018.07.01"]
[Round "6.6"]
[White "Garcia Martin, Marta"]
[Black "Torres Sanchez, Jose"]
[Result "1/2-1/2"]
[BlackElo "2357"]
[WhiteElo "2320"]
[LiveChessVersion "1.4.8"]

1. e4 {[%clk 0:07:02]} c5 {[%clk 0:07:05]} 2. Nf3 {[%clk 0:07:04]} Nc6
{[%clk 0:07:06]} 3. c3 {[%clk 0:06:55]} Nf6 {[%clk 0:06:57]} 4. e5
{[%clk 0:06:56]} Nd5 {[%clk 0:06:59]} 5. d4 {[%clk 0:06:54]} cxd4
{[%clk 0:06:55]} 6. Bc4 {[%clk 0:06:56]} Nb6 {[%clk 0:06:52]} 7. Bb3
{[%clk 0:06:58]} e6 {[%clk 0:06:37]} 8. cxd4 {[%clk 0:05:56]} d6 {[%clk 0:06:38]}
9. O-O {[%clk 0:05:27]} Be7 {[%clk 0:06:41]} 10. Nc3 {[%clk 0:05:22]} O-O
{[%clk 0:06:36]} 11. Qe2 {[%clk 0:05:14]} Nb4 {[%clk 0:06:00]} 12. Rd1
{[%clk 0:04:32]} Bd7 {[%clk 0:05:56]} 13. exd6 {[%clk 0:04:13]} Bxd6
{[%clk 0:05:55]} 14. Ne5 {[%clk 0:04:15]} Rc8 {[%clk 0:04:18]} 15. Qg4
{[%clk 0:03:44]} Kh8 {[%clk 0:03:53]} 16. Ne4 {[%clk 0:02:00]} Be7
{[%clk 0:03:49]} 17. Bd2 {[%clk 0:00:46]} f5 {[%clk 0:03:16]} 18. Qh3
{[%clk 0:00:28]} fxe4 {[%clk 0:03:08]} 19. Ng6+ {[%clk 0:00:31]} Kg8
{[%clk 0:03:08]} 20. Nxf8 {[%clk 0:00:28]} Bxf8 {[%clk 0:03:02]} 21. Bxe6+
{[%clk 0:00:28]} Kh8 {[%clk 0:03:00]} 22. Bxb4 {[%clk 0:00:11]} Bxb4
{[%clk 0:03:01]} 23. Rac1 {[%clk 0:00:13]} Rb8 {[%clk 0:02:14]} 24. Bxd7
{[%clk 0:00:12]} Nxd7 {[%clk 0:02:13]} 25. Qe6 {[%clk 0:00:07]} Nf6
{[%clk 0:02:13]} 26. d5 {[%clk 0:00:06]} Bd6 {[%clk 0:02:14]} 27. h3
{[%clk 0:00:07]} Qf8 {[%clk 0:02:07]} 28. Rc4 {[%clk 0:00:06]} Re8
{[%clk 0:02:09]} 29. Qf5 {[%clk 0:00:08]} g6 {[%clk 0:02:09]} 30. Qg5
{[%clk 0:00:10]} Kg7 {[%clk 0:01:59]} 31. Qd2 {[%clk 0:00:12]} Qe7
{[%clk 0:01:54]} 32. Qc3 {[%clk 0:00:13]} Qe5 {[%clk 0:01:50]} 33. Qxe5
{[%clk 0:00:15]} Rxe5 {[%clk 0:01:51]} 34. Rcd4 {[%clk 0:00:12]} Bc5
{[%clk 0:01:50]} 35. Rc4 {[%clk 0:00:12]} Bb6 {[%clk 0:01:42]} 36. d6
{[%clk 0:00:13]} Kf7 {[%clk 0:01:29]} 37. Kf1 {[%clk 0:00:11]} Ke6
{[%clk 0:01:20]} 38. Rc8 {[%clk 0:00:12]} Nd7 {[%clk 0:00:34]} 39. Re8+
{[%clk 0:00:10]} Kf7 {[%clk 0:00:33]} 40. Rh8 {[%clk 0:00:07]} Kg7
{[%clk 0:00:30]} 41. Rc8 {[%clk 0:00:06]} Rf5 {[%clk 0:00:29]} 42. Rc2
{[%clk 0:00:08]} e3 {[%clk 0:00:29]} 43. f3 {[%clk 0:00:09]} Kf6 {[%clk 0:00:24]}
44. Ke2 {[%clk 0:00:12]} Ke6 {[%clk 0:00:24]} 45. Rc4 {[%clk 0:00:13]} Rf8
{[%clk 0:00:19]} 46. Re4+ {[%clk 0:00:15]} Kf6 {[%clk 0:00:19]} 47. Rf4+
{[%clk 0:00:15]} Kg7 {[%clk 0:00:21]} 48. Re4 {[%clk 0:00:13]} Kf7
{[%clk 0:00:21]} 49. Rc1 {[%clk 0:00:08]} Re8 {[%clk 0:00:22]} 50. Rf4+
{[%clk 0:00:10]} Kg8 {[%clk 0:00:22]} 51. b4 {[%clk 0:00:11]} Rd8
{[%clk 0:00:23]} 52. a4 {[%clk 0:00:12]} a5 {[%clk 0:00:19]} 53. bxa5
{[%clk 0:00:13]} Bxa5 {[%clk 0:00:21]} 54. Rb1 {[%clk 0:00:06]} b6
{[%clk 0:00:17]} 55. Re4 {[%clk 0:00:05]} Nf8 {[%clk 0:00:18]} 56. Rxe3
{[%clk 0:00:06]} Rxd6 {[%clk 0:00:19]} 57. Rd3 {[%clk 0:00:07]} Re6+
{[%clk 0:00:18]} 58. Re3 {[%clk 0:00:09]} Rc6 {[%clk 0:00:20]} 59. Kd3
{[%clk 0:00:06]} Ne6 {[%clk 0:00:21]} 60. Rb5 {[%clk 0:00:05]} Nc5+
{[%clk 0:00:21]} 61. Ke2 {[%clk 0:00:07]} Nxa4 {[%clk 0:00:22]} 62. Re8+
{[%clk 0:00:05]} Kf7 {[%clk 0:00:23]} 63. Rbe5 {[%clk 0:00:08]} Nc3+
{[%clk 0:00:24]} 64. Kf1 {[%clk 0:00:08]} Rc7 {[%clk 0:00:25]} 65. f4
{[%clk 0:00:07]} Rd7 {[%clk 0:00:25]} 66. g4 {[%clk 0:00:09]} b5 {[%clk 0:00:25]}
67. g5 {[%clk 0:00:05]} Nd5 {[%clk 0:00:25]} 68. Ra8 {[%clk 0:00:05]} Bb6
{[%clk 0:00:25]} 69. f5 {[%clk 0:00:05]} Ne3+ {[%clk 0:00:26]} 70. Ke2
{[%clk 0:00:05]} Nxf5 {[%clk 0:00:26]} 71. Rb8 {[%clk 0:00:06]} Nd4+
{[%clk 0:00:26]} 72. Kf1 {[%clk 0:00:08]} Ba7 {[%clk 0:00:28]} 73. Rh8
{[%clk 0:00:08]} Kg7 {[%clk 0:00:30]} 74. Ree8 {[%clk 0:00:09]} Nf5
{[%clk 0:00:23]} 75. Rhg8+ {[%clk 0:00:07]} Kf7 {[%clk 0:00:25]} 76. Rgf8+
{[%clk 0:00:08]} Kg7 {[%clk 0:00:27]} 77. Rg8+ {[%clk 0:00:09]} Kf7 1/2-1/2

[Event "I cerrado Memorial Alfonso Pizarroso"]
[Site "Xativa"]
[Date "2018.07.01"]
[Round "6.7"]
[White "Bosch Jorda, Ricard"]
[Black "Galiana Fernandez, Adrian"]
[Result "0-1"]
[BlackElo "2167"]
[WhiteElo "1915"]
[LiveChessVersion "1.4.8"]

1. e4 {[%clk 0:07:05]} c5 {[%clk 0:07:05]} 2. Nf3 {[%clk 0:07:07]} d6
{[%clk 0:07:00]} 3. d4 {[%clk 0:07:08]} cxd4 {[%clk 0:07:03]} 4. Nxd4
{[%clk 0:07:10]} Nf6 {[%clk 0:07:05]} 5. Nc3 {[%clk 0:07:08]} Nc6
{[%clk 0:06:59]} 6. g3 {[%clk 0:06:45]} Bg4 {[%clk 0:07:00]} 7. f3
{[%clk 0:06:43]} Bd7 {[%clk 0:07:00]} 8. Be3 {[%clk 0:06:23]} Rc8
{[%clk 0:06:42]} 9. Qd2 {[%clk 0:05:50]} Ne5 {[%clk 0:05:58]} 10. g4
{[%clk 0:04:01]} g6 {[%clk 0:06:00]} 11. Be2 {[%clk 0:02:31]} Nc4
{[%clk 0:05:58]} 12. Bxc4 {[%clk 0:02:30]} Rxc4 {[%clk 0:06:01]} 13. O-O-O
{[%clk 0:02:18]} a6 {[%clk 0:04:01]} 14. h4 {[%clk 0:02:09]} h5 {[%clk 0:03:40]}
15. g5 {[%clk 0:01:54]} Ng8 {[%clk 0:03:42]} 16. f4 {[%clk 0:01:49]} Bg4
{[%clk 0:03:29]} 17. Qd3 {[%clk 0:01:22]} Qc8 {[%clk 0:02:58]} 18. Rd2
{[%clk 0:01:16]} e5 {[%clk 0:02:33]} 19. fxe5 {[%clk 0:00:48]} dxe5
{[%clk 0:02:35]} 20. Nde2 {[%clk 0:00:41]} Bb4 {[%clk 0:02:19]} 21. Rf1
{[%clk 0:00:14]} Ne7 {[%clk 0:01:48]} 22. Kb1 {[%clk 0:00:11]} O-O
{[%clk 0:01:40]} 23. Nd5 {[%clk 0:00:13]} Nxd5 {[%clk 0:01:38]} 24. Qxd5
{[%clk 0:00:10]} Bxd2 {[%clk 0:01:29]} 25. Qxd2 {[%clk 0:00:04]} Rd8
{[%clk 0:01:29]} 26. Qa5 Bxe2 {[%clk 0:01:21]} 27. Re1 Bf3 0-1

[Event "I cerrado Memorial Alfonso Pizarroso"]
[Site "Xativa"]
[Date "2018.07.01"]
[Round "7.1"]
[White "Kovacevic, Slobodan"]
[Black "Uran Bermudez, Oliver Kevin"]
[Result "1-0"]
[BlackElo "2076"]
[WhiteElo "2292"]
[LiveChessVersion "1.4.8"]

1. d4 {[%clk 0:07:04]} Nf6 {[%clk 0:07:05]} 2. Nf3 {[%clk 0:07:05]} g6
{[%clk 0:07:03]} 3. Bg5 {[%clk 0:07:06]} Bg7 {[%clk 0:07:02]} 4. Nbd2
{[%clk 0:07:08]} d6 {[%clk 0:07:00]} 5. c3 {[%clk 0:07:10]} O-O {[%clk 0:06:56]}
6. e4 {[%clk 0:07:11]} Nc6 {[%clk 0:06:56]} 7. Bb5 {[%clk 0:07:12]} Nd7
{[%clk 0:06:48]} 8. O-O {[%clk 0:07:11]} h6 {[%clk 0:06:36]} 9. Bh4
{[%clk 0:07:12]} g5 {[%clk 0:06:36]} 10. Bg3 {[%clk 0:07:13]} e5 {[%clk 0:06:36]}
11. Nb3 {[%clk 0:07:00]} Re8 {[%clk 0:04:41]} 12. Re1 {[%clk 0:07:01]} a6
{[%clk 0:03:43]} 13. Bf1 {[%clk 0:05:17]} Ne7 {[%clk 0:03:28]} 14. h3
{[%clk 0:05:05]} Ng6 {[%clk 0:03:29]} 15. Nh2 {[%clk 0:05:00]} Ndf8
{[%clk 0:03:20]} 16. a4 {[%clk 0:04:50]} Nf4 {[%clk 0:03:10]} 17. Bc4
{[%clk 0:04:37]} Be6 {[%clk 0:02:35]} 18. Bxe6 N8xe6 {[%clk 0:02:23]} 19. Ng4
{[%clk 0:04:37]} b5 {[%clk 0:01:42]} 20. d5 {[%clk 0:04:33]} Nf8 {[%clk 0:01:38]}
21. Ne3 {[%clk 0:04:33]} N8g6 {[%clk 0:01:36]} 22. Nf5 {[%clk 0:04:10]} Ne7
{[%clk 0:01:31]} 23. Nxe7+ {[%clk 0:04:12]} Qxe7 {[%clk 0:01:30]} 24. Na5
{[%clk 0:04:13]} Qd7 {[%clk 0:01:23]} 25. Qg4 {[%clk 0:04:02]} Qxg4
{[%clk 0:01:25]} 26. hxg4 {[%clk 0:04:03]} Ng6 {[%clk 0:01:27]} 27. Nc6
{[%clk 0:04:02]} Kf8 {[%clk 0:01:13]} 28. b4 {[%clk 0:03:45]} Ne7
{[%clk 0:01:09]} 29. Na5 {[%clk 0:03:46]} Rec8 {[%clk 0:01:03]} 30. Red1
{[%clk 0:03:32]} c6 {[%clk 0:00:39]} 31. dxc6 {[%clk 0:03:03]} Nxc6
{[%clk 0:00:41]} 32. Nb7 {[%clk 0:02:43]} Na7 {[%clk 0:00:31]} 33. Nxd6
{[%clk 0:02:22]} Rxc3 {[%clk 0:00:24]} 34. axb5 Rb3 {[%clk 0:00:14]} 35. Rxa6
{[%clk 0:02:19]} Rxb4 36. b6 {[%clk 0:02:18]} Rb8 {[%clk 0:00:06]} 37. bxa7
{[%clk 0:02:15]} Ra8 {[%clk 0:00:06]} 38. Rd5 {[%clk 0:02:05]} Rb1+
{[%clk 0:00:05]} 39. Kh2 {[%clk 0:02:07]} Rc1 {[%clk 0:00:07]} 40. Bxe5
{[%clk 0:02:02]} Bxe5+ {[%clk 0:00:08]} 41. Rxe5 {[%clk 0:02:04]} Kg7
{[%clk 0:00:08]} 42. Nf5+ {[%clk 0:02:04]} Kh7 {[%clk 0:00:08]} 43. Re7
{[%clk 0:01:59]} Kg8 {[%clk 0:00:09]} 44. Nxh6+ {[%clk 0:01:57]} Kf8
{[%clk 0:00:09]} 45. Rxf7+ {[%clk 0:01:57]} Ke8 {[%clk 0:00:12]} 46. Rh7
{[%clk 0:01:58]} Rcc8 {[%clk 0:00:12]} 47. Nf5 {[%clk 0:01:53]} Kf8
{[%clk 0:00:11]} 48. Rg7 {[%clk 0:01:42]} Ke8 {[%clk 0:00:05]} 49. Rh6
{[%clk 0:01:41]} 1-0

[Event "I cerrado Memorial Alfonso Pizarroso"]
[Site "Xativa"]
[Date "2018.07.01"]
[Round "7.2"]
[White "Camarena Gimenez, Rufino"]
[Black "Galvan, Jesus"]
[Result "1-0"]
[BlackElo "2183"]
[WhiteElo "2354"]
[LiveChessVersion "1.4.8"]

1. d4 {[%clk 0:07:03]} d6 {[%clk 0:07:04]} 2. Nf3 {[%clk 0:07:04]} f5
{[%clk 0:06:56]} 3. g3 {[%clk 0:06:48]} Nf6 {[%clk 0:06:58]} 4. Bg2
{[%clk 0:06:50]} g6 {[%clk 0:06:59]} 5. O-O {[%clk 0:06:51]} Bg7 {[%clk 0:07:00]}
6. b3 {[%clk 0:06:43]} O-O {[%clk 0:06:55]} 7. Bb2 {[%clk 0:06:42]} e5
{[%clk 0:05:09]} 8. dxe5 {[%clk 0:06:11]} Nfd7 {[%clk 0:04:21]} 9. Nbd2
{[%clk 0:05:34]} Nxe5 {[%clk 0:03:47]} 10. Nxe5 {[%clk 0:05:22]} dxe5
{[%clk 0:03:45]} 11. e4 {[%clk 0:04:09]} Nc6 {[%clk 0:03:28]} 12. exf5
{[%clk 0:03:39]} gxf5 {[%clk 0:02:54]} 13. Nc4 {[%clk 0:03:27]} Be6
{[%clk 0:02:55]} 14. Bxc6 {[%clk 0:02:27]} Bxc4 {[%clk 0:02:57]} 15. bxc4
{[%clk 0:02:06]} bxc6 {[%clk 0:02:55]} 16. Re1 {[%clk 0:02:04]} e4
{[%clk 0:02:28]} 17. Bxg7 {[%clk 0:01:55]} Kxg7 {[%clk 0:02:30]} 18. f3
{[%clk 0:01:36]} Qf6 {[%clk 0:01:14]} 19. Qe2 {[%clk 0:01:21]} Rae8
{[%clk 0:01:00]} 20. Rad1 {[%clk 0:01:18]} Re7 {[%clk 0:00:37]} 21. Qf2
{[%clk 0:01:12]} a5 {[%clk 0:00:36]} 22. fxe4 {[%clk 0:00:55]} fxe4
{[%clk 0:00:26]} 23. Qxf6+ {[%clk 0:00:40]} Rxf6 {[%clk 0:00:28]} 24. Re3
{[%clk 0:00:39]} Rf5 {[%clk 0:00:09]} 25. Rd4 {[%clk 0:00:24]} Ref7
{[%clk 0:00:10]} 26. Rdxe4 {[%clk 0:00:21]} Rf1+ {[%clk 0:00:12]} 27. Kg2
{[%clk 0:00:23]} R1f2+ {[%clk 0:00:15]} 28. Kh3 {[%clk 0:00:25]} Rxc2
{[%clk 0:00:17]} 29. a3 {[%clk 0:00:23]} Rff2 {[%clk 0:00:13]} 30. Re7+
{[%clk 0:00:24]} Kg6 {[%clk 0:00:14]} 31. R7e6+ {[%clk 0:00:22]} Rf6
{[%clk 0:00:14]} 32. R6e4 {[%clk 0:00:22]} Rff2 {[%clk 0:00:16]} 33. Re6+
{[%clk 0:00:21]} Rf6 {[%clk 0:00:18]} 34. Re7 {[%clk 0:00:19]} h5
{[%clk 0:00:14]} 35. Rxc7 {[%clk 0:00:17]} Rxc4 {[%clk 0:00:14]} 36. Ree7
{[%clk 0:00:18]} Kf5 {[%clk 0:00:10]} 37. Rh7 {[%clk 0:00:19]} Ke4
{[%clk 0:00:11]} 38. Rxh5 {[%clk 0:00:20]} Kd3 {[%clk 0:00:14]} 39. Rxa5
{[%clk 0:00:20]} Rh6+ {[%clk 0:00:13]} 40. Kg2 {[%clk 0:00:21]} Re6
{[%clk 0:00:14]} 41. Rf5 {[%clk 0:00:20]} Kc3 {[%clk 0:00:11]} 42. Rf3+
{[%clk 0:00:19]} Kb2 {[%clk 0:00:13]} 43. h4 {[%clk 0:00:20]} Re2+
{[%clk 0:00:11]} 44. Kh3 {[%clk 0:00:22]} Rcc2 {[%clk 0:00:11]} 45. Rb7+
{[%clk 0:00:21]} Kc1 {[%clk 0:00:13]} 46. h5 {[%clk 0:00:19]} c5 {[%clk 0:00:15]}
47. h6 {[%clk 0:00:20]} Re6 {[%clk 0:00:15]} 48. h7 {[%clk 0:00:20]} Rh6+
{[%clk 0:00:17]} 49. Kg4 {[%clk 0:00:23]} c4 {[%clk 0:00:17]} 50. Kg5
{[%clk 0:00:24]} Rch2 {[%clk 0:00:19]} 51. Rff7 {[%clk 0:00:24]} R6h5+
{[%clk 0:00:20]} 52. Kg4 {[%clk 0:00:25]} c3 {[%clk 0:00:22]} 53. Rb3
{[%clk 0:00:21]} c2 {[%clk 0:00:21]} 54. Rbb7 {[%clk 0:00:14]} Rd5
{[%clk 0:00:19]} 55. Rfc7 {[%clk 0:00:14]} Kd2 {[%clk 0:00:19]} 56. Rb2
{[%clk 0:00:15]} Kd1 {[%clk 0:00:21]} 57. Rbxc2 {[%clk 0:00:16]} Rd4+
{[%clk 0:00:23]} 58. Kg5 {[%clk 0:00:17]} Rxh7 {[%clk 0:00:22]} 59. Rc1+
{[%clk 0:00:17]} Kd2 {[%clk 0:00:24]} 60. Rxh7 {[%clk 0:00:18]} Kxc1
{[%clk 0:00:26]} 61. g4 {[%clk 0:00:19]} Kb2 {[%clk 0:00:28]} 62. Ra7
{[%clk 0:00:20]} Rd5+ {[%clk 0:00:29]} 63. Kh4 {[%clk 0:00:22]} Kc3
{[%clk 0:00:31]} 64. g5 {[%clk 0:00:23]} Kd4 {[%clk 0:00:33]} 65. g6
{[%clk 0:00:26]} Ke5 {[%clk 0:00:33]} 66. g7 {[%clk 0:00:28]} Rd8
{[%clk 0:00:36]} 67. Kg5 {[%clk 0:00:29]} Ke6 {[%clk 0:00:36]} 68. Kg6
{[%clk 0:00:31]} 1-0

[Event "I cerrado Memorial Alfonso Pizarroso"]
[Site "Xativa"]
[Date "2018.07.01"]
[Round "7.3"]
[White "Granero Roca, Antonio"]
[Black "Fenollar Jorda, Manuel"]
[Result "0-1"]
[BlackElo "2352"]
[WhiteElo "2390"]
[LiveChessVersion "1.4.8"]

1. Nf3 {[%clk 0:07:03]} d5 {[%clk 0:07:05]} 2. d4 {[%clk 0:07:05]} Nf6
{[%clk 0:07:07]} 3. c4 {[%clk 0:07:06]} c6 {[%clk 0:07:08]} 4. Nc3
{[%clk 0:07:04]} e6 {[%clk 0:07:09]} 5. e3 {[%clk 0:07:06]} Nbd7 {[%clk 0:07:09]}
6. Qc2 {[%clk 0:07:07]} Bd6 {[%clk 0:07:10]} 7. Be2 {[%clk 0:07:08]} O-O
{[%clk 0:07:05]} 8. O-O {[%clk 0:07:09]} Qe7 {[%clk 0:07:03]} 9. Rd1
{[%clk 0:06:56]} dxc4 {[%clk 0:06:54]} 10. Bxc4 {[%clk 0:06:54]} e5
{[%clk 0:06:56]} 11. e4 {[%clk 0:06:31]} Rd8 {[%clk 0:06:23]} 12. Bg5
{[%clk 0:06:18]} exd4 {[%clk 0:05:52]} 13. Rxd4 {[%clk 0:05:31]} Ne5
{[%clk 0:05:31]} 14. Rad1 {[%clk 0:05:22]} Nxf3+ {[%clk 0:05:23]} 15. gxf3
{[%clk 0:05:24]} Bxh2+ {[%clk 0:05:15]} 16. Kf1 {[%clk 0:05:04]} Rxd4
{[%clk 0:05:08]} 17. Rxd4 {[%clk 0:05:06]} Be5 {[%clk 0:04:44]} 18. Rd2
{[%clk 0:04:59]} h6 {[%clk 0:04:16]} 19. Be3 {[%clk 0:04:47]} Bh3+
{[%clk 0:04:06]} 20. Ke2 {[%clk 0:04:48]} Nh5 {[%clk 0:04:06]} 21. Qb3
{[%clk 0:04:31]} Nf4+ {[%clk 0:04:00]} 22. Kd1 {[%clk 0:04:22]} b5
{[%clk 0:03:46]} 23. Be2 {[%clk 0:04:12]} Be6 {[%clk 0:03:27]} 24. Qc2
{[%clk 0:04:05]} a5 {[%clk 0:03:24]} 25. Bf1 {[%clk 0:03:50]} Rd8
{[%clk 0:03:13]} 26. Kc1 {[%clk 0:03:39]} g5 {[%clk 0:03:06]} 27. Ne2
{[%clk 0:03:26]} Nxe2+ {[%clk 0:02:35]} 28. Bxe2 {[%clk 0:03:25]} Rxd2
{[%clk 0:02:31]} 29. Bxd2 {[%clk 0:03:09]} a4 {[%clk 0:02:28]} 30. Qxc6
{[%clk 0:02:59]} Bxa2 {[%clk 0:02:18]} 31. Bxb5 {[%clk 0:02:29]} a3
{[%clk 0:02:15]} 32. Qa8+ {[%clk 0:02:19]} Kg7 {[%clk 0:02:13]} 33. Qxa3
{[%clk 0:02:19]} Qc7+ {[%clk 0:02:05]} 34. Kd1 {[%clk 0:02:10]} Bc4
{[%clk 0:01:22]} 35. Qa4 {[%clk 0:01:26]} Be6 {[%clk 0:01:13]} 36. Qc2
{[%clk 0:00:49]} Qb6 {[%clk 0:01:12]} 37. Bc4 {[%clk 0:00:29]} Qxf2
{[%clk 0:01:01]} 38. Bxe6 {[%clk 0:00:27]} Qf1+ {[%clk 0:01:02]} 39. Be1
{[%clk 0:00:28]} Qxf3+ {[%clk 0:01:03]} 40. Kc1 {[%clk 0:00:27]} fxe6
{[%clk 0:00:59]} 41. Kb1 {[%clk 0:00:25]} Qf1 {[%clk 0:00:59]} 42. Qd1
{[%clk 0:00:20]} Kg6 {[%clk 0:00:42]} 43. Kc2 {[%clk 0:00:21]} h5
{[%clk 0:00:42]} 44. Qd2 {[%clk 0:00:11]} Qc4+ {[%clk 0:00:34]} 45. Kd1
{[%clk 0:00:11]} Qxe4 {[%clk 0:00:35]} 46. Bf2 {[%clk 0:00:12]} Qb1+
{[%clk 0:00:35]} 47. Ke2 {[%clk 0:00:13]} Qxb2 0-1